000
00299nam a22001337a 4500
008
180220b xxu||||| |||| 00| 0 eng d
020
_a
9781308381510
041
_a
eng
080
_a
615.83
100
_a
8
101
_a
ekz
245
_a
psychology sociology of sport
_c
marc.c
942
_2
udc
_c
BK
999
_c
42874
_d
42874